000 00996cam a2200301 i 4500
001 015952192
003 EG-ScBUE
005 20230601092129.0
008 111005t2012 caua f 001 0 eng d
020 _a9781600582431 (pbk)
020 _a1600582435 (pbk)
040 _aStDuBDS
_beng
_erda
_cStDuBDS
_dEG-ScBUE
082 0 4 _a751.4
_bTHI
_222
245 0 0 _a100 things every artist should know.
246 3 _aOne hundred things every artist should know
246 3 4 _a100 things every artist should know :
_btips, tricks & essential concepts
264 1 _aIrvine, United States :
_bWalter Foster Publishing,
_c[2012]
264 4 _cc2012
300 _a128 pages :
_billustrations (some color) ;
_c30 cm
336 _2rdacontent
_atext
_btxt
337 _2rdamedia
_aunmediated
_bn
338 _2rdacarrier
_avolume
_bnc
500 _aIncludes index.
650 7 _aPainting
_xTechnique.
_2BUEsh
_937955
653 _bCOMAME
_cMay2015
655 _vReading book
942 _2ddc
_k751.4 THI
_cBB
999 _c19323
_d19295